Daily Capital City Riddle #17 - Statistics

General Stats
  • This quiz has been taken 78 times
  • The average score is 29 of 35
Answer Stats
Type Answer % Correct
Found Letter A
100%
Found Letter R
100%
Correctly Placed Letter A
97%
Found Letter E
97%
Alphabet Letter M
97%
Found Letter S
97%
Alphabet Letter T
97%
Alphabet Letter D
95%
Alphabet Letter I
95%
Alphabet Letter N
95%
Found Letter O
95%
Alphabet Letter B
94%
Alphabet Letter C
94%
Correctly Placed Letter A
92%
Alphabet Letter L
91%
Alphabet Letter P
91%
Alphabet Letter G
88%
Alphabet Letter W
88%
Alphabet Letter H
86%
Alphabet Letter U
85%
Alphabet Letter K
83%
Correctly Placed Letter R
78%
Alphabet Letter Y
78%
Found Letter V
77%
Found Letter J
75%
Alphabet Letter Z
68%
Alphabet Letter F
66%
Correctly Placed Letter E
65%
Alphabet Letter X
65%
Correctly Placed Letter S
62%
Alphabet Letter Q
60%
Correctly Placed Letter V
58%
Correctly Placed Letter O
55%
Correctly Placed Letter J
54%
Mystery Capital Sarajevo
54%
No matching quizzes found
Score Distribution
Percent of People with Each Score
Percentile by Number Answered
Your Score History
You have not taken this quiz